[Event "Regina Helena Marques 1st"]
[Site "Santos"]
[Date "2003.04.30"]
[Round "11"]
[White "D'Israel, Davy Maurice"]
[Black "Mekhitarian, Krikor Sevag"]
[Result "1-0"]
[WhiteElo "2291"]
[BlackElo "2246"]
[PlyCount "133"]
[EventDate "2003.04.22"]
[EventType "tourn"]
[EventRounds "11"]
[EventCountry "BRA"]
[EventCategory "4"]
[SourceTitle "EXT 2004"]
[Source "ChessBase"]
[SourceDate "2003.11.25"]
[SourceVersion "1"]
[SourceVersionDate "2003.11.25"]
[SourceQuality "1"]

1. d4 Nf6 2. Nf3 g6 3. Bg5 c6 4. Nbd2 d5 5. e3 Nbd7 6. Be2 Bg7 7. O-O O-O 8. h3
Ne4 9. Nxe4 dxe4 10. Nd2 f5 11. c3 h6 12. Bf4 e5 13. dxe5 Nxe5 14. Qb3+ Kh7 15.
Rfd1 Qe7 16. Bxe5 Bxe5 17. Nf1 b5 18. f4 Be6 19. Qc2 Bc7 20. c4 b4 21. c5 Rfd8
22. Ba6 Bd5 23. Rd4 Rab8 24. b3 g5 25. Ng3 Qf6 26. Qf2 gxf4 27. Nh5 Qg5 28.
Nxf4 Be5 29. Rad1 Bxd4 30. Rxd4 Bf7 31. Ne2 Be6 32. Kh2 Rxd4 33. Nxd4 Bd7 34.
Qd2 Rg8 35. Bf1 Rg7 36. Ne2 a5 37. Nf4 Qf6 38. Bc4 Qe5 39. Kh1 Be8 40. Ne6 Re7
41. Qd6 Qxd6 42. cxd6 Ra7 43. Nc5 Bd7 44. Kh2 Kg7 45. Kg3 Kf6 46. Kf4 h5 47. g4
fxg4 48. hxg4 Bxg4 49. Nxe4+ Kg6 50. Nc5 Ra8 51. Bd3+ Kf6 52. e4 Re8 53. Bc4
Bh3 54. Nd3 Be6 55. e5+ Kf7 56. Bxe6+ Kxe6 57. Nc5+ Kd5 58. Nd7 Rd8 59. Nf6+
Ke6 60. Nxh5 Rg8 61. Ke4 Rg5 62. Nf4+ Kd7 63. Nd3 c5 64. Kd5 Rh5 65. Nxc5+ Kd8
66. Nb7+ Kd7 67. Nxa5 1-0

[Event "BRA-ch U20"]
[Site "Florianopolis"]
[Date "2003.05.15"]
[Round "1"]
[White "Mekhitarian, Krikor Sevag"]
[Black "Oliveira, Diogo"]
[Result "1-0"]
[WhiteElo "2246"]
[BlackElo "1842"]
[PlyCount "41"]
[EventDate "2003.05.??"]
[EventType "swiss"]
[EventRounds "7"]
[EventCountry "BRA"]
[SourceTitle "EXT 2006"]
[Source "ChessBase"]
[SourceDate "2005.11.24"]
[SourceVersion "1"]
[SourceVersionDate "2005.11.24"]
[SourceQuality "1"]

1. e4 c6 2. d4 d5 3. Nc3 dxe4 4. Nxe4 Nd7 5. Bc4 Ngf6 6. Nxf6+ Nxf6 7. c3 Qc7
8. Qb3 e6 9. Nf3 Be7 10. O-O O-O 11. Re1 b5 12. Bd3 Bb7 13. Ne5 a6 14. a4 Bd6
15. Qd1 bxa4 16. Qf3 c5 17. Qh3 Be7 18. Bg5 g6 19. Bh6 Rfd8 20. Nxf7 Kxf7 21.
Qxe6+ 1-0

[Event "BRA-ch U20"]
[Site "Florianopolis"]
[Date "2003.05.16"]
[Round "2"]
[White "Yano, William Jorge Froes"]
[Black "Mekhitarian, Krikor Sevag"]
[Result "0-1"]
[WhiteElo "1894"]
[BlackElo "2246"]
[PlyCount "67"]
[EventDate "2003.05.??"]
[EventType "swiss"]
[EventRounds "7"]
[EventCountry "BRA"]
[SourceTitle "EXT 2006"]
[Source "ChessBase"]
[SourceDate "2005.11.24"]
[SourceVersion "1"]
[SourceVersionDate "2005.11.24"]
[SourceQuality "1"]

1. e4 c5 2. Nf3 d6 3. Bb5+ Bd7 4. Bxd7+ Qxd7 5. O-O Nc6 6. c4 g6 7. Nc3 Bg7 8.
d3 Nf6 9. Rb1 O-O 10. a3 Ne8 11. Be3 Nc7 12. d4 cxd4 13. Nxd4 Ne5 14. b3 Ng4
15. Bc1 Rac8 16. f3 Ne5 17. Be3 a6 18. Qe2 Ne6 19. Nd5 Nxd4 20. Bxd4 Nxf3+ 21.
Rxf3 Bxd4+ 22. Kh1 e6 23. Nf6+ Bxf6 24. Rxf6 b5 25. cxb5 Qxb5 26. Qxb5 axb5 27.
Rf2 Rc6 28. Rd2 Ra8 29. a4 bxa4 30. Ra2 Rac8 31. Kg1 Rc1+ 32. Rxc1 Rxc1+ 33.
Kf2 axb3 34. Rb2 0-1

[Event "BRA-ch U20"]
[Site "Florianopolis"]
[Date "2003.05.16"]
[Round "3"]
[White "Mekhitarian, Krikor Sevag"]
[Black "Gattass, Allan Arriada"]
[Result "0-1"]
[WhiteElo "2246"]
[BlackElo "1902"]
[PlyCount "46"]
[EventDate "2003.05.??"]
[EventType "swiss"]
[EventRounds "7"]
[EventCountry "BRA"]
[SourceTitle "EXT 2006"]
[Source "ChessBase"]
[SourceDate "2005.11.24"]
[SourceVersion "1"]
[SourceVersionDate "2005.11.24"]
[SourceQuality "1"]

1. e4 c5 2. Nf3 Nc6 3. Nc3 d6 4. d4 cxd4 5. Nxd4 e5 6. Nf5 Bxf5 7. exf5 Nge7 8.
g4 h5 9. gxh5 Nxf5 10. Bg2 Qh4 11. Nd5 Rc8 12. c3 Be7 13. Qb3 O-O 14. Qxb7 Qg4
15. Rg1 Qxh5 16. Ne3 Nxe3 17. Bxe3 Qg4 18. h3 Qg6 19. Rd1 d5 20. Rxd5 Rfd8 21.
Qb3 Rb8 22. Rxd8+ Rxd8 23. Bd2 Na5 0-1

[Event "BRA-ch U20"]
[Site "Florianopolis"]
[Date "2003.05.17"]
[Round "4"]
[White "Bergman, Thomas"]
[Black "Mekhitarian, Krikor Sevag"]
[Result "0-1"]
[WhiteElo "1861"]
[BlackElo "2246"]
[PlyCount "136"]
[EventDate "2003.05.??"]
[EventType "swiss"]
[EventRounds "7"]
[EventCountry "BRA"]
[SourceTitle "EXT 2006"]
[Source "ChessBase"]
[SourceDate "2005.11.24"]
[SourceVersion "1"]
[SourceVersionDate "2005.11.24"]
[SourceQuality "1"]

1. e4 c5 2. Nf3 d6 3. c3 Nf6 4. Be2 Bd7 5. d3 Bc6 6. O-O Nbd7 7. Nbd2 e6 8. Re1
Be7 9. b3 O-O 10. Bb2 d5 11. e5 Ne8 12. d4 Nc7 13. Bd3 f5 14. exf6 Bxf6 15. Ne5
Bxe5 16. dxe5 Qh4 17. Nf3 Qh5 18. Nd2 Qh4 19. Nf3 Qg4 20. h3 Qh5 21. Nh2 Qxd1
22. Raxd1 a5 23. a3 a4 24. b4 Rfc8 25. Nf3 h6 26. Bf1 cxb4 27. cxb4 Bb5 28. Nd4
Bxf1 29. Kxf1 Nb6 30. g3 Nc4 31. Bc1 Ra6 32. Kg2 Rb6 33. f4 Nb5 34. Nxb5 Rxb5
35. Rd3 Rb6 36. Be3 Rbc6 37. Bd4 Rf8 38. Rf1 Rc7 39. Bc5 Rff7 40. g4 g6 41. Rf2
Rc8 42. Kg3 b6 43. Bd4 Rcf8 44. Rdf3 Rg7 45. Kh2 Re7 46. Kg3 Rff7 47. Kh2 Kf8
48. Kg3 Ke8 49. Re2 Kd7 50. h4 Re8 51. Kg2 Ref8 52. Ref2 Rc8 53. Kg3 Kc6 54.
Rh2 Kb5 55. Re2 Rfc7 56. Rc3 Rc6 57. Rec2 Nxa3 58. Rxc6 Rxc6 59. Rxc6 Kxc6 60.
h5 gxh5 61. g5 hxg5 62. fxg5 Kd7 63. Kh4 Nc2 64. Bxb6 a3 65. g6 Ke8 66. Kg5 a2
67. Kf6 a1=Q 68. g7 Qf1+ 0-1

[Event "BRA-ch U20"]
[Site "Florianopolis"]
[Date "2003.05.17"]
[Round "5"]
[White "Mekhitarian, Krikor Sevag"]
[Black "Bedin Franca, Ricardo"]
[Result "1-0"]
[WhiteElo "2246"]
[BlackElo "2181"]
[PlyCount "163"]
[EventDate "2003.05.??"]
[EventType "swiss"]
[EventRounds "7"]
[EventCountry "BRA"]
[SourceTitle "EXT 2006"]
[Source "ChessBase"]
[SourceDate "2005.11.24"]
[SourceVersion "1"]
[SourceVersionDate "2005.11.24"]
[SourceQuality "1"]

1. e4 c5 2. Nf3 d6 3. Bc4 Nc6 4. Qe2 Nf6 5. h3 e6 6. c3 Be7 7. Bb3 d5 8. e5 Nd7
9. d4 Qb6 10. Be3 a5 11. O-O Qa6 12. Qd1 b5 13. a3 Bb7 14. Nbd2 c4 15. Bc2 h6
16. Ne1 O-O-O 17. f4 g6 18. Nef3 a4 19. g4 Na5 20. Qe2 Rdg8 21. Kf2 Qb6 22. Rh1
Bc6 23. Rag1 Qd8 24. Ke1 Nb3 25. Nf1 Qf8 26. f5 Bxa3 27. bxa3 Qxa3 28. Qd1 Nb6
29. Qb1 Na1 30. Kd2 Nb3+ 31. Ke2 b4 32. fxg6 fxg6 33. Bxg6 bxc3 34. Ng3 Rxg6
35. Qxg6 Qb2+ 36. Ke1 a3 37. Ne2 a2 38. Kf2 Re8 39. Qxh6 a1=Q 40. Rxa1 Nxa1 41.
g5 Nb3 42. g6 Qc2 43. g7 Qf5 44. Rg1 Qf7 45. Qg6 Qg8 46. Ng5 Re7 47. Nh7 Be8
48. Qh6 Nd2 49. Nf6 Ne4+ 50. Ke1 Nxf6 51. exf6 Ra7 52. Qh8 Bf7 53. Nxc3 Ra1+
54. Nd1 Na4 55. Qxg8+ Bxg8 56. f7 Bxf7 57. g8=Q+ Bxg8 58. Rxg8+ Kd7 59. Ke2 c3
60. Nf2 c2 61. Nd3 Rd1 62. Rg7+ Ke8 63. Rc7 Rh1 64. Nf2 Ra1 65. Rxc2 Ra3 66. h4
Kd7 67. Kf3 Nb6 68. h5 Nc4 69. Ng4 e5 70. Rxc4 e4+ 71. Kf4 dxc4 72. Ne5+ Ke6
73. Nxc4 Ra8 74. Kxe4 Kf6 75. h6 Kg6 76. Ne5+ Kh7 77. d5 Ra4+ 78. Kf5 Ra3 79.
Bf4 Ra5 80. d6 Rd5 81. d7 Rd6 82. Bg5 1-0

[Event "BRA-ch U20"]
[Site "Florianopolis"]
[Date "2003.05.18"]
[Round "6"]
[White "Borges, Guilherme Deola"]
[Black "Mekhitarian, Krikor Sevag"]
[Result "0-1"]
[WhiteElo "2134"]
[BlackElo "2246"]
[PlyCount "68"]
[EventDate "2003.05.??"]
[EventType "swiss"]
[EventRounds "7"]
[EventCountry "BRA"]
[SourceTitle "EXT 2006"]
[Source "ChessBase"]
[SourceDate "2005.11.24"]
[SourceVersion "1"]
[SourceVersionDate "2005.11.24"]
[SourceQuality "1"]

1. d4 Nf6 2. c4 g6 3. Nc3 d5 4. Nf3 Bg7 5. e3 O-O 6. Bd3 c5 7. O-O Nc6 8. dxc5
dxc4 9. Bxc4 Qa5 10. Qe2 Qxc5 11. h3 Nd7 12. a3 Nb6 13. Ba2 Na5 14. Bd2 Nac4
15. b4 Qc6 16. Rac1 Nxd2 17. Qxd2 Qf6 18. Ne4 Qb2 19. Rc7 Qxd2 20. Nfxd2 e6 21.
Nf3 Bd7 22. Nc5 Bb5 23. Rd1 Bb2 24. Rxb7 Bc6 25. Rc7 Bd5 26. Nd7 Bxf3 27. gxf3
Rfd8 28. Rb1 Bg7 29. Nc5 Rd2 30. Bb3 Be5 31. Rb7 Nd5 32. Rd1 Rxd1+ 33. Bxd1 Bb2
34. a4 Ba3 0-1

[Event "BRA-ch U20"]
[Site "Florianopolis"]
[Date "2003.05.18"]
[Round "7"]
[White "Mekhitarian, Krikor Sevag"]
[Black "Fier, Alexandr"]
[Result "1-0"]
[WhiteElo "2246"]
[BlackElo "2258"]
[PlyCount "191"]
[EventDate "2003.05.??"]
[EventType "swiss"]
[EventRounds "7"]
[EventCountry "BRA"]
[SourceTitle "EXT 2006"]
[Source "ChessBase"]
[SourceDate "2005.11.24"]
[SourceVersion "1"]
[SourceVersionDate "2005.11.24"]
[SourceQuality "1"]

1. e4 Nf6 2. e5 Nd5 3. d4 d6 4. c4 Nb6 5. exd6 cxd6 6. Nc3 g6 7. Be3 Bg7 8. Rc1
O-O 9. b3 Nc6 10. d5 Ne5 11. Be2 f5 12. f4 Nf7 13. Nf3 e5 14. dxe6 Bxe6 15. O-O
Re8 16. Qd2 Qe7 17. Rfe1 Rad8 18. Nd4 Qf6 19. Ncb5 Bd7 20. Bf2 g5 21. Nf3 Bxb5
22. cxb5 g4 23. Bd4 Qh6 24. Bxg7 Qxg7 25. Nh4 Qf6 26. g3 d5 27. Bd3 Qd4+ 28.
Kg2 Nd6 29. Rxe8+ Rxe8 30. Rd1 Qf6 31. a4 d4 32. Bb1 Kf7 33. Qxd4 Re6 34. Qxf6+
Kxf6 35. Kf2 Nbc8 36. Rd4 Ne7 37. Ng2 h5 38. Ne3 Kg6 39. Bd3 Kg7 40. Nc4 Nec8
41. Ne5 Re7 42. Nc4 Re6 43. Rd5 Kf6 44. Rc5 Re7 45. Ne3 b6 46. Rd5 h4 47. Nxf5
hxg3+ 48. hxg3 Ne4+ 49. Bxe4 Rxe4 50. Ne3 Rb4 51. Nxg4+ Ke6 52. Rd3 Nd6 53.
Re3+ Kf5 54. Kf3 Nb7 55. Re5+ Kg6 56. Rg5+ Kf7 57. Ne5+ Kf8 58. Kg4 Nd6 59. Rg6
Ne4 60. Kf5 Nc5 61. Rf6+ Kg8 62. g4 Ne4 63. Rg6+ Kh7 64. g5 Ng3+ 65. Kg4 Ne2
66. Rh6+ Kg7 67. Rf6 Rxb3 68. Rf7+ Kg8 69. Rxa7 Rb4 70. Ng6 Ng3 71. Ra8+ Kg7
72. Kxg3 Kxg6 73. Kg4 Rd4 74. Ra6 Kg7 75. Rxb6 Rxa4 76. Kf5 Ra7 77. Rg6+ Kh7
78. Rh6+ Kg7 79. b6 Ra5+ 80. Kg4 Rb5 81. Rc6 Rb4 82. Rc7+ Kg6 83. Rc6+ Kg7 84.
Rf6 Rb5 85. f5 Rb1 86. Re6 Rg1+ 87. Kf4 Rb1 88. Re7+ Kf8 89. f6 Rxb6 90. Kf5
Ra6 91. Rb7 Ra8 92. Kg6 Kg8 93. Rg7+ Kh8 94. Rh7+ Kg8 95. f7+ Kf8 96. Rh8+ 1-0

[Event "Pan American-ch U20"]
[Site "Botucatu"]
[Date "2003.05.26"]
[Round "1"]
[White "Mekhitarian, Krikor Sevag"]
[Black "Choma, Ernani Francisco"]
[Result "0-1"]
[WhiteElo "2246"]
[BlackElo "2269"]
[PlyCount "72"]
[EventDate "2003.05.27"]
[EventType "swiss"]
[EventRounds "7"]
[EventCountry "BRA"]
[SourceTitle "CBM 094 Extra"]
[Source "ChessBase"]
[SourceDate "2003.07.09"]
[SourceVersion "2"]
[SourceVersionDate "2003.07.09"]
[SourceQuality "1"]

1. e4 c5 2. Nf3 e6 3. Nc3 Nc6 4. Bb5 Nge7 5. O-O h6 6. Bxc6 Nxc6 7. d4 cxd4 8.
Nxd4 Qc7 9. Re1 Be7 10. Nxc6 dxc6 11. e5 h5 12. Bf4 c5 13. Ne4 Bd7 14. Bg5 Bxg5
15. Nxg5 Bc6 16. Qd2 Rd8 17. Qe3 Rd4 18. c3 Rd5 19. f4 Qe7 20. Ne4 Kf8 21. Nd6
Qh4 22. Rad1 Qg4 23. Rxd5 Bxd5 24. Re2 Kg8 25. h3 Qh4 26. Rf2 b6 27. c4 Bc6 28.
b4 Rh6 29. bxc5 Rg6 30. cxb6 Rg3 31. Qc5 Bxg2 32. Rxg2 Rxh3 33. Kf1 Rh1+ 34.
Ke2 Qe1+ 35. Kd3 Rh3+ 36. Kc2 Rc3+ 0-1

[Event "Pan American-ch U20"]
[Site "Botucatu"]
[Date "2003.05.28"]
[Round "2"]
[White "Etcheverz, Ignacio"]
[Black "Mekhitarian, Krikor Sevag"]
[Result "0-1"]
[WhiteElo "2129"]
[BlackElo "2246"]
[PlyCount "110"]
[EventDate "2003.05.27"]
[EventType "swiss"]
[EventRounds "7"]
[EventCountry "BRA"]
[SourceTitle "CBM 094 Extra"]
[Source "ChessBase"]
[SourceDate "2003.07.09"]
[SourceVersion "2"]
[SourceVersionDate "2003.07.09"]
[SourceQuality "1"]

1. e4 c5 2. Nc3 a6 3. g3 b5 4. Bg2 Bb7 5. d3 e6 6. f4 d5 7. exd5 exd5 8. Nf3
Nf6 9. O-O Be7 10. Ne5 O-O 11. g4 b4 12. Ne2 Nc6 13. Nxc6 Bxc6 14. Ng3 g6 15.
g5 Ne8 16. Qg4 f5 17. gxf6 Rxf6 18. f5 d4 19. Ne4 Bxe4 20. Bxe4 Ra7 21. fxg6
Rxf1+ 22. Kxf1 Nf6 23. Qe6+ Kh8 24. Bh6 Bf8 25. Bg5 Bg7 26. Kg1 Qd7 27. Qxd7
Rxd7 28. Bxf6 Bxf6 29. gxh7 Rg7+ 30. Kf2 Be5 31. h3 Rg5 32. Rg1 Rxg1 33. Kxg1
Kg7 34. Kg2 Kf7 35. Kf3 Ke6 36. Kg4 Bh8 37. Kg5 a5 38. b3 Bf6+ 39. Kg6 Bh8 40.
h4 Ke7 41. Bd5 Ke8 42. Kf5 Ke7 43. h5 Kd6 44. Kg6 Ke5 45. Kf7 Kd6 46. Ke8 Ke5
47. Kd8 Kf6 48. Kc7 Kg7 49. Kb6 Kxh7 50. Kxa5 Bf6 51. Ka4 Kh6 52. a3 bxa3 53.
Kxa3 Bh4 54. b4 cxb4+ 55. Kxb4 Kxh5 0-1

[Event "Pan American-ch U20"]
[Site "Botucatu"]
[Date "2003.05.29"]
[Round "3"]
[White "Mekhitarian, Krikor Sevag"]
[Black "Bachmann, Axel"]
[Result "1-0"]
[WhiteElo "2246"]
[BlackElo "2146"]
[PlyCount "99"]
[EventDate "2003.05.27"]
[EventType "swiss"]
[EventRounds "7"]
[EventCountry "BRA"]
[SourceTitle "CBM 094 Extra"]
[Source "ChessBase"]
[SourceDate "2003.07.09"]
[SourceVersion "2"]
[SourceVersionDate "2003.07.09"]
[SourceQuality "1"]

1. e4 Nc6 2. Nf3 d6 3. d4 Nf6 4. Nc3 Bg4 5. d5 Nb8 6. h3 Bxf3 7. Qxf3 g6 8. g4
h5 9. g5 Nfd7 10. Bg2 Bg7 11. O-O O-O 12. Bd2 c6 13. Rae1 cxd5 14. exd5 Na6 15.
a3 Rc8 16. Qe2 Re8 17. Kh1 Qb6 18. Rb1 Ne5 19. b3 Qa5 20. f4 Nd7 21. b4 Qc7 22.
Rb3 Qc4 23. Qf3 Nc7 24. f5 Ne5 25. Qg3 Nb5 26. Rf4 Nd4 27. Bf1 Nxb3 28. Bxc4
Nxd2 29. Bb5 Red8 30. Qe3 Ndc4 31. Bxc4 Nxc4 32. Qxe7 Re8 33. Qxb7 Bxc3 34.
fxg6 fxg6 35. Qf7+ Kh8 36. Qxg6 Re1+ 37. Kg2 Re2+ 38. Kf1 Re7 39. Qh6+ Kg8 40.
Qxh5 Ne3+ 41. Kf2 Nxd5 42. Qg6+ Bg7 43. Rf3 Rc3 44. h4 Ne3 45. Kg3 Kh8 46. h5
d5 47. h6 Nf1+ 48. Kg2 Rxf3 49. hxg7+ Rxg7 50. Qh5+ 1-0

[Event "Pan American-ch U20"]
[Site "Botucatu"]
[Date "2003.05.31"]
[Round "5"]
[White "Mekhitarian, Krikor Sevag"]
[Black "Lopez Silva, Hugo Andres"]
[Result "1-0"]
[WhiteElo "2246"]
[BlackElo "2377"]
[PlyCount "47"]
[EventDate "2003.05.27"]
[EventType "swiss"]
[EventRounds "7"]
[EventCountry "BRA"]
[SourceTitle "CBM 094 Extra"]
[Source "ChessBase"]
[SourceDate "2003.07.09"]
[SourceVersion "2"]
[SourceVersionDate "2003.07.09"]
[SourceQuality "1"]

1. e4 e5 2. Nf3 Nc6 3. Bb5 a6 4. Ba4 Nf6 5. d3 b5 6. Bb3 Be7 7. Nbd2 d6 8. c3
O-O 9. O-O Na5 10. Bc2 c5 11. Re1 Re8 12. d4 cxd4 13. cxd4 exd4 14. Nxd4 Bf8
15. Nf1 h6 16. Ng3 Bb7 17. b3 Qc7 18. Bb2 d5 19. Ndf5 Re6 20. e5 Nd7 21. Rc1
Qd8 22. Nd6 Bc6 23. Bf5 Rxe5 24. Nxf7 1-0

[Event "Pan American-ch U20"]
[Site "Botucatu"]
[Date "2003.06.01"]
[Round "6"]
[White "Pacheco, Marco"]
[Black "Mekhitarian, Krikor Sevag"]
[Result "1-0"]
[WhiteElo "2349"]
[BlackElo "2246"]
[PlyCount "109"]
[EventDate "2003.05.27"]
[EventType "swiss"]
[EventRounds "7"]
[EventCountry "BRA"]
[SourceTitle "CBM 094 Extra"]
[Source "ChessBase"]
[SourceDate "2003.07.09"]
[SourceVersion "2"]
[SourceVersionDate "2003.07.09"]
[SourceQuality "1"]

1. d4 Nf6 2. Nf3 g6 3. c4 Bg7 4. Nc3 d5 5. cxd5 Nxd5 6. e4 Nxc3 7. bxc3 c5 8.
Be3 O-O 9. Qd2 Qa5 10. Rc1 cxd4 11. cxd4 Qxd2+ 12. Kxd2 Rd8 13. Bb5 a6 14. Ba4
Bg4 15. d5 b5 16. Bb3 Bxf3 17. gxf3 Nd7 18. Rc7 a5 19. a4 b4 20. Ke2 Kf8 21. f4
Rac8 22. Rhc1 Bc3 23. Rc6 Nb8 24. Rb6 Nd7 25. Rb5 Ra8 26. e5 Rdb8 27. Rxb8+
Rxb8 28. e6 Nf6 29. exf7 Ne4 30. h4 Nd6 31. h5 gxh5 32. Rh1 Kxf7 33. Rxh5 Kg6
34. Rh3 Nf5 35. Kd3 Bf6 36. Bc2 b3 37. Bb1 b2 38. Kc4 Bg7 39. Bd2 Rc8+ 40. Kb3
Rb8+ 41. Ka2 Rf8 42. Rg3+ Kh6 43. Rg2 Bd4 44. Be4 Rf7 45. Bxa5 Nh4 46. Rh2 Bf6
47. Bb6 Kg7 48. a5 Rf8 49. a6 Nf3 50. Rxh7+ Kg8 51. Rh1 Nd2 52. Bd3 Rc8 53. a7
b1=Q+ 54. Rxb1 Nxb1 55. Kxb1 1-0

[Event "Pan American-ch U20"]
[Site "Botucatu"]
[Date "2003.06.02"]
[Round "7"]
[White "Mekhitarian, Krikor Sevag"]
[Black "Schneider, Dmitry"]
[Result "1/2-1/2"]
[WhiteElo "2246"]
[BlackElo "2424"]
[PlyCount "51"]
[EventDate "2003.05.27"]
[EventType "swiss"]
[EventRounds "7"]
[EventCountry "BRA"]
[SourceTitle "CBM 094 Extra"]
[Source "ChessBase"]
[SourceDate "2003.07.09"]
[SourceVersion "2"]
[SourceVersionDate "2003.07.09"]
[SourceQuality "1"]

1. e4 e6 2. d4 d5 3. Nc3 Nf6 4. Bg5 Be7 5. e5 Nfd7 6. Bxe7 Qxe7 7. f4 O-O 8.
Nf3 c5 9. Qd2 Nc6 10. dxc5 Qxc5 11. O-O-O f6 12. exf6 Rxf6 13. Bd3 Rb8 14. g4
b5 15. f5 Nde5 16. Nxe5 Nxe5 17. Qf4 Nxd3+ 18. Rxd3 Rb7 19. Qe5 Qc6 20. fxe6
Bxe6 21. Nxd5 Rf2 22. c3 Bxg4 23. Rg1 Qe6 24. Re3 Qxe5 25. Rxe5 h5 26. Ne3
1/2-1/2

[Event "Sao Paulo-ch Absoluto"]
[Site "Serra Negra"]
[Date "2003.06.20"]
[Round "4"]
[White "Leitao, Rafael Duailibe"]
[Black "Mekhitarian, Krikor Sevag"]
[Result "1-0"]
[WhiteElo "2507"]
[BlackElo "2246"]
[PlyCount "71"]
[EventDate "2003.06.20"]
[EventType "swiss"]
[EventRounds "7"]
[EventCountry "BRA"]
[SourceTitle "EXT 2004"]
[Source "ChessBase"]
[SourceDate "2003.11.25"]
[SourceVersion "1"]
[SourceVersionDate "2003.11.25"]
[SourceQuality "1"]

1. e4 c5 2. Nf3 d6 3. d4 cxd4 4. Nxd4 Nf6 5. Nc3 a6 6. Bc4 e6 7. Bb3 b5 8. Bg5
Be7 9. Qf3 Qb6 10. O-O-O Qb7 11. Bxf6 Bxf6 12. Nf5 exf5 13. Bd5 Nc6 14. e5 Bg5+
15. Kb1 Bd7 16. Ne4 fxe4 17. Qxf7+ Kd8 18. Qxg7 Kc7 19. exd6+ Kb6 20. Qxg5 a5
21. Bxe4 Ka6 22. Rd5 Rhg8 23. Qd2 Rae8 24. f3 Qb6 25. Rxb5 Qd4 26. Rxa5+ Kb6
27. Qxd4+ Nxd4 28. Rd5 Ne6 29. Rd2 h5 30. b4 Rc8 31. Kb2 Rg5 32. a3 h4 33. Rc1
Bb5 34. d7 Bxd7 35. Rxd7 Nf4 36. Rcd1 1-0

[Event "Internet Section 06B g/8'+2\""]
[Site "Dos Hermanas"]
[Date "2004.03.06"]
[Round "2"]
[White "Newman, Alex"]
[Black "Mekhitarian, Krikor Sevag"]
[Result "0-1"]
[WhiteElo "1917"]
[BlackElo "2244"]
[PlyCount "34"]
[EventDate "2004.03.06"]
[EventType "swiss (blitz)"]
[EventRounds "9"]
[EventCountry "ESP"]
[SourceTitle "CBM 099 Extra"]
[Source "ChessBase"]
[SourceDate "2004.05.04"]
[SourceVersion "1"]
[SourceVersionDate "2004.05.04"]
[SourceQuality "1"]

1. e4 c5 2. c3 d5 3. exd5 Qxd5 4. Nf3 Nf6 5. h3 Nc6 6. d4 cxd4 7. cxd4 Bf5 8.
Nc3 Qa5 9. a3 O-O-O 10. Be3 e6 11. b4 Qc7 12. Be2 Kb8 13. Rc1 Qd7 14. O-O Bd6
15. d5 exd5 16. Nxd5 Nxd5 17. Qxd5 Bh2+ 0-1

[Event "Internet Section 06B g/8'+2\""]
[Site "Dos Hermanas"]
[Date "2004.03.06"]
[Round "3"]
[White "Mekhitarian, Krikor Sevag"]
[Black "Muthusamy, Reubban"]
[Result "1-0"]
[WhiteElo "2244"]
[BlackElo "1997"]
[PlyCount "125"]
[EventDate "2004.03.06"]
[EventType "swiss (blitz)"]
[EventRounds "9"]
[EventCountry "ESP"]
[SourceTitle "CBM 099 Extra"]
[Source "ChessBase"]
[SourceDate "2004.05.04"]
[SourceVersion "1"]
[SourceVersionDate "2004.05.04"]
[SourceQuality "1"]

1. e4 e5 2. Bc4 Nf6 3. d3 Nc6 4. Nc3 Bb4 5. Nge2 d5 6. exd5 Nxd5 7. O-O Be6 8.
Bb3 O-O 9. f4 Nxc3 10. bxc3 Bg4 11. Bd2 Bc5+ 12. Kh1 Re8 13. h3 a6 14. fxe5
Rxe5 15. Rxf7 Kh8 16. d4 Bxe2 17. Qe1 Re8 18. Qg3 Bf8 19. Bh6 g6 20. Bg5 Be7
21. Rxe7 Qxe7 22. Bxe7 Rxe7 23. Re1 Rae8 24. Qg5 Kg7 25. Kh2 Nd8 26. Qf4 Rf8
27. Qd2 Rfe8 28. d5 Nf7 29. Qd4+ Kg8 30. d6 cxd6 31. Qxd6 Re4 32. Qf6 R8e7 33.
Qf2 b5 34. a3 Kg7 35. Bd5 R4e5 36. Bb3 Re4 37. Qg3 Ne5 38. Bd5 Re3 39. Qxe3
Ng4+ 40. hxg4 Rxe3 41. Bf3 Rxf3 42. gxf3 Bxf3 43. g5 Bd5 44. Re7+ Kg8 45. Ra7
Be4 46. Rxa6 Bxc2 47. Rb6 Ba4 48. Ra6 Bb3 49. Rc6 Kf7 50. Rc5 Ba4 51. c4 bxc4
52. Rxc4 Bb3 53. Rb4 Bd5 54. a4 Ke6 55. a5 Kd6 56. a6 Kc7 57. a7 Bb7 58. Kg3
Be4 59. Rb8 Kd6 60. a8=Q Bxa8 61. Rxa8 Ke5 62. Rh8 Kf5 63. Kh4 1-0

[Event "Internet Section 06B g/8'+2\""]
[Site "Dos Hermanas"]
[Date "2004.03.06"]
[Round "4"]
[White "Klug, Steffen"]
[Black "Mekhitarian, Krikor Sevag"]
[Result "0-1"]
[WhiteElo "2141"]
[BlackElo "2244"]
[PlyCount "74"]
[EventDate "2004.03.06"]
[EventType "swiss (blitz)"]
[EventRounds "9"]
[EventCountry "ESP"]
[SourceTitle "CBM 099 Extra"]
[Source "ChessBase"]
[SourceDate "2004.05.04"]
[SourceVersion "1"]
[SourceVersionDate "2004.05.04"]
[SourceQuality "1"]

1. d4 Nf6 2. c4 g6 3. Nc3 Bg7 4. e4 d6 5. Nf3 O-O 6. Be2 e5 7. O-O Nc6 8. d5
Ne7 9. Nd2 Nd7 10. g4 f5 11. f3 Nf6 12. h3 h5 13. g5 Nd7 14. h4 a5 15. b3 Nc5
16. Bb2 fxe4 17. fxe4 Bh3 18. Rxf8+ Qxf8 19. Bf1 Qf4 20. Bxh3 Qxh4 21. Qf1 Rf8
22. Qg2 Nd3 23. Nf3 Qf4 24. Be6+ Kh7 25. Rf1 Qe3+ 26. Kh1 Nxb2 27. Qxb2 Rxf3
28. Rxf3 Qxf3+ 29. Kg1 Qe3+ 30. Qf2 Qxc3 31. Qf7 Qe3+ 32. Kh1 Qxg5 33. Qe8 h4
34. Qd8 Kh6 35. Qxc7 Nf5 36. exf5 h3 37. fxg6 Qg2# 0-1

[Event "Internet Section 09A g/8'+2\""]
[Site "Dos Hermanas"]
[Date "2004.03.09"]
[Round "2"]
[White "Pein, Malcolm"]
[Black "Mekhitarian, Krikor Sevag"]
[Result "1/2-1/2"]
[WhiteElo "2422"]
[BlackElo "2244"]
[PlyCount "120"]
[EventDate "2004.03.09"]
[EventType "swiss (blitz)"]
[EventRounds "9"]
[EventCountry "ESP"]
[SourceTitle "CBM 099 Extra"]
[Source "ChessBase"]
[SourceDate "2004.05.04"]
[SourceVersion "1"]
[SourceVersionDate "2004.05.04"]
[SourceQuality "1"]

1. d4 Nf6 2. c4 g6 3. Nc3 d5 4. cxd5 Nxd5 5. e4 Nxc3 6. bxc3 c5 7. Bc4 Bg7 8.
Ne2 O-O 9. Be3 Nc6 10. O-O Qc7 11. Rc1 Rd8 12. Qd2 b6 13. Bh6 Na5 14. Bd3 e6
15. Bxg7 Kxg7 16. Qe3 Bb7 17. h4 cxd4 18. cxd4 Qe7 19. Qg3 Nc6 20. h5 Kg8 21.
h6 Qf6 22. e5 Qe7 23. Qf4 Nb4 24. Be4 Bxe4 25. Qxe4 Nd5 26. Nf4 Nxf4 27. Qxf4
Rac8 28. Rxc8 Rxc8 29. Rc1 Qd8 30. Rxc8 Qxc8 31. g3 Qc2 32. Kg2 Qf5 33. Qc1
Qe4+ 34. Kg1 Kf8 35. Qc8+ Ke7 36. Qc7+ Ke8 37. Qb8+ Ke7 38. Qxa7+ Ke8 39. Qb8+
Kd7 40. Qd6+ Ke8 41. Qb8+ Kd7 42. Qd6+ Ke8 43. Qxb6 Qe1+ 44. Kg2 Qe4+ 45. Kh2
Qe2 46. Qb8+ Ke7 47. Qc7+ Ke8 48. Qc8+ Ke7 49. Qc5+ Ke8 50. Kg2 Qe4+ 51. Kh2
Qe2 52. Qc6+ Ke7 53. Qd6+ Ke8 54. Qb8+ Kd7 55. Qb7+ Ke8 56. Qc6+ Ke7 57. Qc5+
Ke8 58. Kg1 Qe1+ 59. Kg2 Qe4+ 60. Kh2 Qe2 1/2-1/2